Statistics for Countries of the World - Two Minute Sprint

Click here to take the quiz!

General Stats

  • This quiz has been taken 6,672 times
    (4,036 since last reset)
  • The average score is 66 of 196

Answer Stats

country % Correct
United States
95%
Canada
92%
United Kingdom
91%
Russia
90%
Mexico
90%
France
87%
Spain
85%
China
84%
India
81%
Brazil
80%
Italy
79%
Japan
79%
Chile
79%
Australia
79%
Ireland
78%
Peru
77%
Germany
76%
Sweden
75%
Finland
74%
Argentina
74%
Norway
73%
Iceland
73%
Portugal
68%
Poland
64%
Denmark
63%
Iran
62%
Egypt
60%
Ukraine
60%
Cuba
59%
Greece
55%
Mongolia
55%
Bolivia
55%
Iraq
53%
Turkey
53%
Colombia
52%
Thailand
51%
Ecuador
50%
Estonia
48%
Latvia
48%
Austria
48%
Niger
47%
South Africa
46%
Democratic Republic
of the Congo
46%
Uruguay
45%
Indonesia
45%
Romania
44%
Laos
44%
Chad
43%
Algeria
43%
Oman
43%
Yemen
43%
Paraguay
42%
Panama
42%
South Korea
42%
Nigeria
42%
Israel
41%
Lithuania
41%
Mali
41%
Sudan
41%
Vietnam
40%
Nepal
40%
New Zealand
40%
Libya
39%
United Arab Emirates
39%
Venezuela
39%
Saudi Arabia
38%
Congo
38%
Morocco
38%
Hungary
38%
Netherlands
37%
Belgium
36%
Pakistan
36%
Haiti
36%
Tunisia
36%
Malaysia
36%
Slovakia
35%
Myanmar
35%
Belarus
34%
Syria
34%
Cambodia
34%
Bahamas
33%
North Korea
33%
Central African Republic
33%
Croatia
33%
Malta
32%
Fiji
32%
Ethiopia
31%
Togo
31%
Jordan
31%
Bulgaria
31%
Slovenia
31%
Monaco
30%
Jamaica
30%
Taiwan
30%
Serbia
30%
Tonga
30%
Vatican City
30%
Angola
29%
Singapore
29%
Ghana
29%
Bhutan
28%
Samoa
28%
Sri Lanka
28%
Czechia
28%
Kazakhstan
28%
Qatar
27%
Philippines
27%
Lebanon
27%
Kenya
27%
Honduras
27%
Costa Rica
26%
Belize
26%
Bosnia and
Herzegovina
26%
Switzerland
26%
Somalia
25%
Benin
25%
Suriname
25%
Guyana
25%
Andorra
25%
South Sudan
25%
Guatemala
24%
Dominica
24%
Tanzania
24%
Afghanistan
23%
Georgia
23%
Kuwait
23%
Madagascar
23%
Malawi
23%
Armenia
22%
Papua New Guinea
21%
Palau
21%
Nicaragua
20%
Albania
20%
Bangladesh
20%
Nauru
20%
Cyprus
19%
Zambia
19%
Gabon
19%
Dominican Republic
19%
El Salvador
18%
Uganda
18%
Namibia
18%
Liberia
17%
Cameroon
17%
Bahrain
17%
Kiribati
16%
Kosovo
16%
Gambia
16%
Saint Lucia
16%
San Marino
16%
Guinea
16%
Saint Kitts and Nevis
15%
Brunei
15%
Montenegro
15%
Botswana
15%
Eritrea
14%
Barbados
14%
Tuvalu
14%
Zimbabwe
14%
Moldova
14%
Rwanda
14%
Trinidad and Tobago
13%
Lesotho
13%
Mozambique
13%
Antigua and Barbuda
13%
Senegal
13%
Vanuatu
13%
Saint Vincent and the
Grenadines
13%
Mauritius
12%
Mauritania
12%
Grenada
12%
Azerbaijan
11%
Luxembourg
11%
Uzbekistan
11%
Timor-Leste
10%
Côte d'Ivoire
10%
Seychelles
10%
Maldives
10%
Cabo Verde
9%
Turkmenistan
9%
Sierra Leone
8%
São Tomé and Príncipe
8%
Burundi
8%
Djibouti
7%
Eswatini
7%
Micronesia
7%
Burkina Faso
7%
Liechtenstein
7%
Comoros
7%
North Macedonia
6%
Kyrgyzstan
6%
Tajikistan
6%
Solomon Islands
6%
Guinea-Bissau
5%
Marshall Islands
3%
Equatorial Guinea
2%

Score Distribution

Percentile by Number Answered

Percent of People with Each Score

Your Score History

You have not taken this quiz since the last reset